[Event "ISR-chT U18"]
[Site "Beer Yaakov"]
[Date "2022.08.14"]
[Round "2.3"]
[White "Levi, Or"]
[Black "Sobel, Alon"]
[Result "1-0"]
[WhiteElo "1804"]
[BlackElo "1845"]
[PlyCount "51"]
[EventDate "2022.08.14"]
[EventType "team-swiss"]
[EventRounds "7"]
[EventCountry "ISR"]
[SourceTitle "CBM 209 Extra"]
[Source "ChessBase"]
[SourceDate "2022.09.30"]
[SourceVersion "1"]
[SourceVersionDate "2022.09.30"]
[SourceQuality "1"]

1. e4 c5 2. Nf3 e6 3. d4 cxd4 4. Nxd4 Nf6 5. Nc3 d6 6. g4 h6 7. h4 Nc6 8. Rg1 h5 9. gxh5 Nxh5 10. Bg5 Be7 11. Qd2 Qb6 12. Nb3 Ne5 13. Be2 g6 14. 0-0-0 a6 15. Bxe7 Kxe7 16. f4 Nd7 17. Kb1 Nhf6 18. e5 dxe5 19. fxe5 Nxe5 20. Qg5 Ned7 21. Rgf1 Ke8 22. Rxf6 Nxf6 23. Qxf6 Rh7 24. Ne4 Bd7 25. Ng5 Qe3 26. Bf3 1-0

[Event "ISR-ch U18"]
[Site "HaKfar HaYarok"]
[Date "2021.03.22"]
[Round "3"]
[White "Sheinkman, Lidan"]
[Black "Sobel, Alon"]
[Result "1/2-1/2"]
[WhiteElo "1895"]
[BlackElo "1825"]
[PlyCount "40"]
[EventDate "2021.03.19"]
[EventType "swiss"]
[EventRounds "9"]
[EventCountry "ISR"]
[SourceTitle "EXT 2022"]
[Source "ChessBase"]
[SourceDate "2021.10.06"]
[SourceVersion "1"]
[SourceVersionDate "2021.10.06"]
[SourceQuality "1"]

1. d4 d5 2. c4 e6 3. g3 Nf6 4. Nf3 Nbd7 5. Bg2 c6 6. 0-0 Be7 7. Qc2 0-0 8. Nbd2 b6 9. e4 dxe4 10. Nxe4 Bb7 11. Ne5 Qc8 12. Rd1 Rd8 13. b3 c5 14. Ba3 Nxe5 15. dxe5 Nxe4 16. Bxe4 Bxe4 17. Qxe4 Qc7 18. Bb2 Rac8 19. Qg4 Rxd1+ 20. Rxd1 Rd8 1/2-1/2

[Event "Netanya op"]
[Site "Netanya"]
[Date "2019.07.02"]
[Round "9"]
[White "Zalkind, Konstantin"]
[Black "Sobel, Alon"]
[Result "1-0"]
[WhiteElo "2130"]
[BlackElo "1714"]
[PlyCount "127"]
[EventDate "2019.06.23"]
[EventType "swiss"]
[EventRounds "9"]
[EventCountry "ISR"]
[SourceTitle "EXT 2020"]
[Source "ChessBase"]
[SourceDate "2019.10.17"]
[SourceVersion "1"]
[SourceVersionDate "2019.10.17"]
[SourceQuality "1"]

1. Nf3 Nf6 2. c4 c6 3. d4 d5 4. Nbd2 Bf5 5. Nh4 Bg6 6. Nxg6 hxg6 7. e3 e6 8. Be2 Bd6 9. h3 Nbd7 10. a3 Qe7 11. b4 0-0 12. Bb2 e5 13. dxe5 Bxe5 14. Bxe5 Nxe5 15. 0-0 Rad8 16. Qc2 Rfe8 17. c5 Ned7 18. Nf3 Nf8 19. Rad1 Ne4 20. Bd3 Ng5 21. Nd4 Nfe6 22. Ne2 Qf6 23. Qc3 Qxc3 24. Nxc3 d4 25. exd4 Nxd4 26. h4 Nge6 27. g3 g5 28. h5 g4 29. Kg2 Ng5 30. Bb1 Ngf3 31. Ne4 Rd5 32. Nd6 Rxh5 33. Rh1 Rxh1 34. Kxh1 Re5 35. Kg2 b6 36. Ba2 Ne6 37. cxb6 axb6 38. Nc8 Re2 39. Bxe6 fxe6 40. Nxb6 Nd2 41. a4 Ne4 42. Rf1 Nd2 43. Ra1 Nb3 44. Rb1 Nd4 45. Nc4 Ra2 46. a5 Nf3 47. Ne3 Ne5 48. Rd1 Ra4 49. Nc2 c5 50. Ra1 Rxa1 51. Nxa1 cxb4 52. a6 Nc6 53. Kf1 Kf7 54. Ke2 Ke7 55. Kd3 Kd6 56. Kc4 Kc7 57. Nc2 Ne5+ 58. Kxb4 Nd3+ 59. Kb5 Nxf2 60. Nd4 Nd3 61. Nxe6+ Kc8 62. Kb6 Nb4 63. a7 Nd5+ 64. Kc5 1-0